| 000 | 00477nam a22001697a 4500 | ||
|---|---|---|---|
| 005 | 20240108131340.0 | ||
| 008 | 190527b xxu||||| |||| 00| 0 eng d | ||
| 020 | _a978-93-86700-33-9 | ||
| 041 | _aeng | ||
| 100 |
_aBAKLIWAL, SUNIL R .,RANE, DR.BHUSHAN.,AND JAIN,DR. ASHAHIS.S _98307 |
||
| 245 | _aA GLIMPS OF NOVEL VESICULAR DRUG DELIVERY SYSTEM | ||
| 250 | _a2nd ed, | ||
| 260 |
_aPUNE _bNIRALI PRAKASHAN |
||
| 300 | _aI.10p, | ||
| 650 |
_aPHARMACY _xD.PHARMA |
||
| 942 | _cBK | ||
| 999 |
_c5850 _d5848 |
||